Database of Circular Economy Articulated to Sustainable Development in Mexico

Populačný rast je jednou z najčastejšie uvádzaných príčin vysvetľujúcich nadmerné využívanie prírodných zdrojov a je determinantom súčasného globálneho stavu, ktorý je charakterizovaný nárastom objemu využívaných zdrojov, celkovou spotrebou zdrojov a tvorbou odpadu a emisií. V tejto súvislosti sa na...

Full description

Saved in:
Bibliographic Details
Main Author: Rivera Acosta, Patricia
Other Authors: Martínez Torres, Rosa Elia, Huerta González, Juana María, Condey, Hugo de la Rosa
Format: Book Chapter
Language:English
Subjects:
Tags: Add Tag
No Tags, Be the first to tag this record!

MARC

LEADER 00000naa a2200000 4500
001 0298004
005 20240110081014.0
041 0 |a eng 
044 |a SK 
245 1 0 |a Database of Circular Economy Articulated to Sustainable Development in Mexico  |c Patricia Rivera Acosta, Rosa Elia Martínez Torres, Juana María Huerta González, Hugo de la Rosa Condey 
520 |a Populačný rast je jednou z najčastejšie uvádzaných príčin vysvetľujúcich nadmerné využívanie prírodných zdrojov a je determinantom súčasného globálneho stavu, ktorý je charakterizovaný nárastom objemu využívaných zdrojov, celkovou spotrebou zdrojov a tvorbou odpadu a emisií. V tejto súvislosti sa navrhuje výskum s cieľom preskúmať a identifikovať teoretické základy obehového hospodárstva a trvalo udržateľného rozvoja (štandardy GRI) s cieľom navrhnúť databázu kvalitatívnych meraní, ktorá umožňuje diagnostikovať a formulovať iniciatívy, postupy, činnosti a stratégie, ktoré sa vyvíjajú a implementujú v podnikoch, s cieľom dosiahnuť prechod na paradigmu obehového hospodárstva, keďže predstavuje príležitosť organizovať výrobu a spotrebu v globálnej ekonomike, pretože podporuje štyri R: Reduce, Reuse, Recycle and Recover. Zámerom je, aby databázu implementovali spoločnosti ako nástroj udržateľnosti v súlade s obehovým hospodárstvom a trvalo udržateľným rozvojom a predstavuje príležitosť dať planéte "oddych". 
610 2 0 |a hospodárstvo obehové 
610 2 0 |a rozvoj trvalo udržateľný 
610 2 0 |a zdroje prírodné 
610 2 0 |a ochrana prostredia životného 
610 2 0 |a populácia 
610 2 0 |a odpad 
610 2 0 |a emisie 
610 2 0 |a firmy 
610 2 0 |a Mexiko 
100 1 |a Rivera Acosta, Patricia 
700 1 |a Martínez Torres, Rosa Elia 
700 1 |a Huerta González, Juana María 
700 1 |a Condey, Hugo de la Rosa